|
|
|
|
| LEADER |
00000nam0a2200000 4500 |
| 001 |
167194 |
| 005 |
20231101222656.0 |
| 010 |
|
|
|a 5160020292
|
| 035 |
|
|
|a (RuTPU)RU\TPU\book\181364
|
| 035 |
|
|
|a RU\TPU\book\92961
|
| 090 |
|
|
|a 167194
|
| 100 |
|
|
|a 20051128d2009 m y0rusy50 ca
|
| 101 |
0 |
|
|a rus
|
| 102 |
|
|
|a RU
|
| 105 |
|
|
|a a j 001zy
|
| 200 |
1 |
|
|a Маркетинг: новые ориентиры модели управления
|e учебник для вузов
|f О. А. Третьяк
|g Московский государственный университет им. М. В. Ломоносова, Экономический факультет
|
| 210 |
|
|
|a Москва
|c Инфра-М
|d 2009
|
| 215 |
|
|
|a 403 с.
|c ил.
|
| 225 |
1 |
|
|a Учебники Экономического факультета МГУ им. М. В. Ломоносова
|
| 320 |
|
|
|a Библиогр.: с. 399-403.
|
| 330 |
|
|
|a Как меняется управленческая модель компании, ориентированной на рынок? Каковы приоритеты и ориентиры развития компаний сегодня и их видение на перспективу? В данном учебнике делается акцент на тех изменениях, которые имеют место в самом маркетинге на рубеже веков. Эти изменения рассмотрены в контексте меняющихся приоритетов стратегического управления и теории организаций. Показывая новые области маркетинговой деятельности, автор уделяет особое внимание построению целостной управленческой модели предприятия, ориентированного на запросы потребителя.
|
| 451 |
|
1 |
|0 (RuTPU)RU\TPU\book\92961
|y 5-16-002029-2
|t Маркетинг: новые ориентиры модели управления
|o учебник для вузов
|f О. А. Третьяк
|g Московский государственный университет им. М. В. Ломоносова, Экономический факультет
|c М.
|n Инфра-М
|d 2005
|p 403 с.
|s Учебники Экономического факультета МГУ им. М. В. Ломоносова
|a Третьяк, Ольга Анатольевна
|
| 606 |
1 |
|
|a Маркетинг
|2 stltpush
|3 (RuTPU)RU\TPU\subj\41036
|9 60857
|
| 610 |
1 |
|
|a экономика
|
| 610 |
1 |
|
|a модели
|
| 610 |
1 |
|
|a маркетинговое управление
|
| 610 |
1 |
|
|a организационные изменения
|
| 610 |
1 |
|
|a сетевые организации
|
| 610 |
1 |
|
|a товары
|
| 610 |
1 |
|
|a рынок
|
| 610 |
1 |
|
|a позиционирование
|
| 610 |
1 |
|
|a сегментирование
|
| 610 |
1 |
|
|a партнерские отношения
|
| 610 |
1 |
|
|a маркетинг-микс
|
| 610 |
1 |
|
|a конкурентные стратегии
|
| 610 |
1 |
|
|a конкурентоспособность
|
| 610 |
1 |
|
|a американская модель
|
| 610 |
1 |
|
|a японская модель
|
| 610 |
1 |
|
|a российская модель
|
| 610 |
1 |
|
|a рыночная политика
|
| 610 |
1 |
|
|a управленческие модели
|
| 610 |
1 |
|
|a маркетинговые возможности
|
| 610 |
1 |
|
|a информационные технологии
|
| 610 |
1 |
|
|a анализ
|
| 610 |
1 |
|
|a бренды
|
| 610 |
1 |
|
|a товарные знаки
|
| 610 |
1 |
|
|a ценообразование
|
| 610 |
1 |
|
|a логистические стратегии
|
| 610 |
1 |
|
|a маркетинговые коммуникации
|
| 610 |
1 |
|
|a учебники
|
| 686 |
|
|
|a У9(2)212.4я73
|v LBC/SL-A
|2 rubbk
|
| 700 |
|
1 |
|a Третьяк
|b О. А.
|g Ольга Анатольевна
|
| 712 |
0 |
2 |
|a Московский государственный университет им. М. В. Ломоносова
|b Экономический факультет
|2 stltpush
|3 (RuTPU)RU\TPU\col\7
|
| 801 |
|
1 |
|a RU
|b 63413507
|c 20091013
|
| 801 |
|
2 |
|a RU
|b 63413507
|c 20121004
|g RCR
|
| 900 |
|
|
|a Маркетинг
|
| 942 |
|
|
|c BK
|
| 951 |
|
|
|a 521600
|b 080100
|
| 959 |
|
|
|a 103/20091007
|d 1
|e 212,20
|f ЧЗГЛ:1
|